Súčasné postavenie vybraných krajín v rámci ukazovateľa konkurencieschopnosti a výzvy do budúcnosti

Úroveň konkurencieschopnosti vybraných krajín so zreteľom na dosiahnuté postavenie v rámci medzinárodnej komparácie. Zhodnotenie súčasného postavenia krajín v medzinárodnom meradle . Vybrané faktory, ktoré v súčasnosti pôsobia na súťaživosť akými sú globalizácia, inovácie, ľudský kapitál a výdavky n...

Descripción completa

Guardado en:
Detalles Bibliográficos
Autor principal: Chmelová, Michelle
Formato: Capítulo de libro
Lenguaje:eslovaco
Materias:
Etiquetas: Agregar Etiqueta
Sin Etiquetas, Sea el primero en etiquetar este registro!

MARC

LEADER 00000nla a2200000 4500
001 0236461
005 20260205070322.9
041 0 |a slo 
044 |a SK 
245 1 0 |a Súčasné postavenie vybraných krajín v rámci ukazovateľa konkurencieschopnosti a výzvy do budúcnosti  |c Michelle Chmelová 
520 |a Úroveň konkurencieschopnosti vybraných krajín so zreteľom na dosiahnuté postavenie v rámci medzinárodnej komparácie. Zhodnotenie súčasného postavenia krajín v medzinárodnom meradle . Vybrané faktory, ktoré v súčasnosti pôsobia na súťaživosť akými sú globalizácia, inovácie, ľudský kapitál a výdavky na vedu a výskum. Odporúčania pre politických tvorcov v oblasti napĺňania podmienok vedúcich k zvyšovaniu konkurencieschopnosti, ktorá prispieva k zvyšovaniu životnej úrovne vybraných krajín ako aj k dosahovaniu ekonomického rozvoja v dlhom období. 
610 2 0 |a konkurencieschopnosť 
610 2 0 |a analýza komparatívna 
610 2 0 |a krajiny vyspelé 
610 2 0 |a globalizácia 
610 2 0 |a zdroje ľudské 
610 2 0 |a inovácia 
610 2 0 |a rozvoj hospodársky 
100 1 |a Chmelová, Michelle